| 000 | 00629nam a2200217 a 4500 | ||
|---|---|---|---|
| 005 | 20140310183515.0 | ||
| 008 | 110105s19uu xx 00 eng d | ||
| 020 | _a9780763780401 | ||
| 050 |
_aRA 784 _b.B5519 2011 |
||
| 100 | _aBlackman, Melinda | ||
| 245 |
_aNutrition Psychology: _bimproving dietary adherence. / _cMelinda C. Blackman |
||
| 260 |
_aBoston : _bJones and Bartlett Pub, _c2011. |
||
| 300 |
_a235 p. : _c24 cm. |
||
| 521 | _aPSYCH | ||
| 650 | _aDiet. | ||
| 650 | _aNutrition- psychological aspects. | ||
| 650 | _aFood preferences | ||
| 700 | _aColleen Kvaska | ||
| 942 |
_cBK _2lcc _kFOR |
||
| 999 |
_c24268 _d24268 |
||